| 000 | 00888cam a22002893a 4500 | ||
|---|---|---|---|
| 001 | 2512 | ||
| 003 | PGUSA | ||
| 005 | 20140828083015.0 | ||
| 008 | 010201s2001||||xxu|||||s|||||000 | eng d | ||
| 040 |
_aPGUSA _beng |
||
| 042 | _adc | ||
| 050 | 4 | _aPS | |
| 100 | 1 |
_aLondon, Jack, _d1876-1916 |
|
| 245 | 1 | 4 |
_aThe Cruise of the Snark _h[electronic resource] / _cJack London |
| 260 |
_bProject Gutenberg, _c2001 |
||
| 506 | _aPublic domain in the USA. | ||
| 516 | _aElectronic text | ||
| 653 | _aVoyages and travels | ||
| 653 | _aOcean travel | ||
| 653 | _aOceania -- Description and travel | ||
| 653 | _aAmericans -- Oceania -- History -- 20th century | ||
| 653 | _aAuthors, American -- 20th century -- Biography | ||
| 653 | _aLondon, Jack, 1876-1916 -- Travel -- Oceania | ||
| 830 | 0 |
_aProject Gutenberg _v2512 |
|
| 856 | 4 | 0 | _uhttp://www.gutenberg.org/ebooks/2512 |
| 942 | _cEB | ||
| 999 |
_c231849 _d231849 |
||